Clinical parasitology: a practical approach. (2nd ed.) (Record no. 31040)

MARC details
000 -LEADER
fixed length control field 00738nam a2200193 a 4500
008 - FIXED-LENGTH DATA ELEMENTS--GENERAL INFORMATION
fixed length control field 150224s2013 ||||||||||||||||| || u
020 ## - INTERNATIONAL STANDARD BOOK NUMBER
International Standard Book Number 9781416060444
050 ## - LIBRARY OF CONGRESS CALL NUMBER
Classification number QR 255 Zei
100 ## - MAIN ENTRY--PERSONAL NAME
Personal name Zeibig, Elizabeth A
245 10 - TITLE STATEMENT
Title Clinical parasitology: a practical approach. (2nd ed.)
Statement of responsibility, etc. By Elizabeth A. Zeibig
250 ## - EDITION STATEMENT
Edition statement 2nd ed.
260 ## - PUBLICATION, DISTRIBUTION, ETC.
Place of publication, distribution, etc. St. Louis Missouri
Name of publisher, distributor, etc. Elsevier
Date of publication, distribution, etc. 2013
300 ## - PHYSICAL DESCRIPTION
Extent xiv, 370p.: ill.
350 ## -
-- 68.95
650 ## - SUBJECT ADDED ENTRY--TOPICAL TERM
Topical term or geographic name entry element PARASITES
650 ## - SUBJECT ADDED ENTRY--TOPICAL TERM
Topical term or geographic name entry element DIAGNOSTIC PARASITOLOGY
650 ## - SUBJECT ADDED ENTRY--TOPICAL TERM
Topical term or geographic name entry element PARASITIC DISEASES--PREVENTION AND CONTROL
995 ## -
-- MEDICAL LIBRARY OPEN ACCESS
-- 902965
-- CBU-SCHOOL OF MEDICINE LIBRARY (Ndola)
-- 68.95
-- QR 255 Zei
-- 1
-- AVAILABLE
-- Mar 16, 2015
-- 902965
-- Medical Library Open Access Collection
999 ## -
-- 31040
-- 31040
Holdings
Withdrawn status Lost status Source of classification or shelving scheme Damaged status Not for loan Permanent Location Current Location Shelving location Date acquired Total Checkouts Full call number Barcode Date last seen Price effective from Koha item type
          CBU-SCHOOL OF MEDICINE LIBRARY, NDOLA. CBU-SCHOOL OF MEDICINE LIBRARY, NDOLA.   11/30/2022   QR 255 Zei 902965 11/30/2022 11/30/2022 MONOGRAPH